10 Biggest Cities in Sudan - Statistics

General Stats
  • This quiz has been taken 10 times
  • The average score is 3 of 10
Answer Stats
Rank Population City % Correct
1 1,974,647 Khartoum
100%
4 489,725 Port Sudan
75%
6 393,311 El Obeid
38%
2 1,200,000 Omdurman
38%
3 565,734 Nyala
25%
10 264,734 El Daein
13%
5 401,477 Kassala
13%
7 363,945 Al Qadarif
0%
8 345,068 Kosti
0%
9 332,714 Wad Medani
0%
No matching quizzes found
Score Distribution
Percent of People with Each Score
Percentile by Number Answered
Your Score History
You have not taken this quiz